Responses for Show #2487 - Tuesday, May 30, 1995

Contestants

[<< previous game]

David Brent, a lawyer from Oak Park, Illinois

Bill Atkinson, a student from Mapleton, Utah

Mike Creed, an antique and collectibles dealer from Brooklyn, New York (whose 1-day cash winnings total $19,300)

[next game >>]

Jeopardy! Round responses

THE BIBLE
ROCK MUSIC
LITERATURE
WORLD FACTS
FOOD & DRINK
POTPOURRI
    $100 11
Moses

David
    $100 1
The Captain and Tennille

Triple Stumper
    $100 3
1984

Mike
    $100 6
Gulf of Mexico

David
    $100 18
(Mike: What is Gulden?)

French's

MikeBill
    $100 26
house

Triple Stumper
    $200 12
Simon

Bill
    $200 2
Brandy

Triple Stumper
    $200 4
Captain Nemo

Mike
    $200 7
Monaco

Mike
    $200 19
bacon

Mike
    $200 27
Orion

Mike
    $300 10
parables

Mike
    $300 20
Sam the Sham and the Pharaohs

Mike
    $300 5
Perry Mason

David
    $300 16
Caracas

Mike
    $300 23
tongue

Bill
    $300 28
(Christina) Onassis

David
    $400 13
(David: What is a denarius?)

shekel

BillDavid
    $400 21
"Winchester Cathedral"

David
    $400 8
The Good Earth

Bill
    $400 15
Sofia

Bill
    $400 24
rum

Mike
    $400 29
aquamarine

Bill
    $500 14
Paul

Bill
    $500 22
The Righteous Brothers

Triple Stumper
    $500 9
(Bill: Who is Babbitt?)

Arrowsmith

Bill
    $500 17
(Alex: The ABC Islands are Aruba, [*], and Curacao.)

Bonaire

Triple Stumper
    $500 25
(Mike: What is pink?)

white

Mike
Triple Stumper
    $500 30
pumice

David

Scores at the first commercial break (after clue 15):

Mike Bill David
$800 $1,400 $100

Scores at the end of the Jeopardy! Round:

Mike Bill David
$1,600 $2,200 $1,300

Double Jeopardy! Round responses

ROYAL RELATIVES
MOUNTAINS
HONORARY DEGREE RECIPIENTS
AMERICAN HISTORY
LANGUAGES
THEATRE
    $200 15
Nicholas & Alexandra

Mike
    $200 6
the Rockies

Mike
    $200 26
Ben Franklin

David
    $200 1
Sam Houston

David
    $200 13
French

Bill
    $200 20
Lynn Fontanne

David
    $400 16
King Juan Carlos

Bill
    $400 5
Mount Everest

Bill
    $400 27
Bill Clinton

Mike
    $400 2
ratify the Constitution

David
    $400 12
(Mike: What is Japanese?)

Chinese

MikeDavid
    $400 21
Juliet

Bill
    $600 17
Denmark

David
    $600 7
(Bill: What are the Appalachians?)

Adirondacks

BillDavid
    $600 28
Mark Twain

Bill
    $600 3
(Mike: What is Massachusetts?)
(David: What is Virginia?)

Plymouth Colony

MikeDavid
Triple Stumper
    $600 11
Hindi & Urdu

Bill
    $600 22
Brazil

David
    $1,800 18
Anne Boleyn

David
    $800 8
Pyrenees

David
    $800 29
Samuel Johnson

Bill
    $800 4
Dolley Madison

Bill
    $800 14
(Bill: What is El Salvador?)
(David: What is Guatemala?)

Nicaragua

MikeBillDavid
    $800 23
Hay Fever

Bill
    $1000 19
Juliana

Mike
    $1,500 9
Vesuvius

David
    $1000 30
Gunter Grass

Mike
    $1000 10
(Al) Smith

Bill
    $1000 24
(Bill: What is Russian?)
(Alex: Less than a minute to go in the round.)

Yiddish

Bill
Triple Stumper
    $1000 25
Born Yesterday

Mike

Scores at the end of the Double Jeopardy! Round:

Mike Bill David
$5,200 $5,800 $7,200

[wagering suggestions for these scores]

Final Jeopardy! Round responses

U.S. PRESIDENTS
MikeWho are WH Harrison and Taylor
$5,000
BillWho are Taylor and Wm. Henry Harrison
$4,201
DavidWho are Harrison and Tyler
$4,401
William Henry Harrison & Zachary Taylor

Final scores:

Mike Bill David
$10,200 $10,001 $2,799
2-day champion: $29,500 + Jeopardy! '92 home game 2nd place: Trip to Miami & Curacao + Jeopardy! '92 home game 3rd place: Hammerman gold earrings + Jeopardy! '92 home game

Game dynamics:

Coryat scores:

Mike Bill David
$5,200 $6,300 $5,700
16 R,
4 W
18 R,
4 W
(including 1 DD)
17 R
(including 2 DDs),
3 W

Combined Coryat: $17,200

[game clues] [game scores] [suggest correction]

Game tape date: 1995-01-31
The J! Archive is created by fans, for fans. Scraping, republication, monetization, and malicious use prohibited; this site may use cookies and collect identifying information. See terms. The Jeopardy! game show and all elements thereof, including but not limited to copyright and trademark thereto, are the property of Jeopardy Productions, Inc. and are protected under law. This website is not affiliated with, sponsored by, or operated by Jeopardy Productions, Inc. Join the discussion at JBoard.tv.